000 05232cam a2201165 a 4500
999 _c57114
001 7401664
003 LIBRIS
005 20210329132459.0
008 011211s1998 sw |||||||||||001 0|swe|
020 _a9150213288
_c160:00
035 _a(Bo)275398
035 _a(Mo)b1062043
040 _aNB
_ea
041 1 _aswe
_hfre
080 _a92 Nordenskiöld, A. E.
080 _a629.12(091)Vega
080 _a998/999
080 _a998(061.6)
080 _a999(061.6)
080 _a92 Nordenskiöld, A. E.
080 _a629.12(091)Vega
080 _a998/999
080 _a998(061.6)
080 _a999(061.6)
082 0 4 _a919.8
_222 (machine generated)
084 _aNs:k
_2kssb/6
084 _aNs:k
_2kssb/8
100 1 _aImbert, Bertrand
245 0 0 _aPolarforskningens pionjärer /
_cBertrand Imbert ; översättning av Solveig Hedberg ; fackgranskad av Sven Lundström.
264 1 _aStockholm :
_bBergh,
_c1998
264 3 _aItalien
300 _a160 s.
_bill. (vissa i färg), kartor i färg
_c18 cm
340 _b18 cm
490 0 _aHistoria
500 _5Mo
_aOrig:s titel Le grand défi des pôles
500 _5Mo
_aSAMB 99-03
500 _5Mo
_asvenska
650 4 _aPolarforskning
_xhistoria
650 4 _aPolarforskning
_xhistoria
653 _aPolarländerna
653 _aGeografi
653 _aHistoria
655 4 _5Mo
_aBok
700 1 _aHedberg, Solveig
_4trl
700 1 _aLundström, Sven,
_d1952-
_eunspecifiedContributor
_4oth
_0https://libris.kb.se/pm134xm74pbkxl6#it
830 3 _aEn värld av vetande,
_x99-1310014-3
887 _a{"@id":"s93zx8645m8b7kj","modified":"2019-06-12T17:27:14.543+02:00","checksum":"48462304430"}
_2librisxl
887 _a{"@id":"pt1n2dzv1dmmld2","modified":"2014-04-01T10:37:50+02:00","checksum":"60796120994"}
_2librisxl
887 _a{"@id":"tz545j5039p99ld","modified":"2008-08-19T13:25:19+02:00","checksum":"75016098638"}
_2librisxl
887 _a{"@id":"6bhnmlrc1q4rfz3","modified":"2017-02-14T10:18:12+01:00","checksum":"69691641124"}
_2librisxl
887 _a{"@id":"48gvdk293bh24pj","modified":"2012-04-03T09:46:08+02:00","checksum":"79118588566"}
_2librisxl
887 _a{"@id":"mrx3215s06r8knx","modified":"2016-03-07T09:24:29+01:00","checksum":"76494556600"}
_2librisxl
887 _a{"@id":"pt05437v5b2mgmb","modified":"2018-06-05T11:31:25.746+02:00","checksum":"68556004996"}
_2librisxl
887 _a{"@id":"15ccth161lczrj1","modified":"2009-02-23T15:03:19+01:00","checksum":"67796078441"}
_2librisxl
887 _a{"@id":"w16cb9g24nkggts","modified":"2018-06-05T11:31:25.748+02:00","checksum":"77682261721"}
_2librisxl
887 _a{"@id":"x27dcbh34b6c6z2","modified":"2018-06-05T11:31:25.75+02:00","checksum":"76678436318"}
_2librisxl
887 _a{"@id":"z38fdcj40s4r0nc","modified":"2018-06-05T11:31:25.753+02:00","checksum":"74107702494"}
_2librisxl
887 _a{"@id":"049gfdk51zbv5tc","modified":"2018-06-05T11:31:25.755+02:00","checksum":"74169924271"}
_2librisxl
887 _a{"@id":"15bhgfl64ph2qqw","modified":"2018-06-05T11:31:25.758+02:00","checksum":"71837435427"}
_2librisxl
887 _a{"@id":"37dkjhn80zvqpvj","modified":"2003-02-03T20:23:05+01:00","checksum":"80991220130"}
_2librisxl
887 _a{"@id":"48flkjp923pqtlq","modified":"2018-06-05T11:31:25.763+02:00","checksum":"68071299816"}
_2librisxl
887 _a{"@id":"rw36xd8x1cpxz67","modified":"2013-07-31T11:01:11+02:00","checksum":"72804566922"}
_2librisxl
887 _a{"@id":"59gmlkqb1cs0h99","modified":"2018-06-05T11:31:25.766+02:00","checksum":"71363006311"}
_2librisxl
887 _a{"@id":"djqkcpdk3n7tw7k","modified":"2006-08-17T13:51:46+02:00","checksum":"67067314846"}
_2librisxl
942 _2z
_cBOOK